Logos de Marcas - Estadísticas

Estadísticas generales
  • Esta prueba ha sido intentada 546 veces
  • La puntuación promedio es 18 de 20
Estadísticas de respuestas
Imagen Hint Respuesta % Correcto
A Apple
100%
A Adidas
99%
L Lego
99%
T Twitter
99%
N Nike
98%
P Pepsi
98%
S Starbucks
98%
J Jordan
97%
L Lacoste
97%
L LG
97%
M McDonald's
97%
P Puma
97%
M Mercedes - Benz
96%
T Toyota
96%
X X
96%
M Master Card
94%
N Nestle
92%
W Warner Bros
92%
C Converse
89%
E Estalella (Pirotecnia Estalella)
2%
No se encontraron pruebas coincidentes
Distribución de puntuación
Porcentaje de gente con cada puntuación
Porcentaje por número respondido
Historial de tus puntuaciones
No has intentado esta prueba.